000 00343 a2200157 4500
001 169546
020 _a
040 _cMagnum
100 _aVerhine, Maria Amelia Alves
240 1 0 _aPre-escola e fracasso escolar
_lpor
245 1 0 _aPre-escola e fracasso escolar
362 0 _a1899
440 1 _aFator
697 _aENSINO
942 _cBK
999 _c169546
_d169546